[Event "Pan American-ch U12 27th"]
[Site "Montevideo"]
[Date "2016.07.31"]
[Round "9"]
[White "Terron, Matheus Folegatti M"]
[Black "Vassallo, Mariano"]
[Result "0-1"]
[WhiteElo "1603"]
[BlackElo "1493"]
[PlyCount "46"]
[EventDate "2016.07.25"]
[EventType "swiss"]
[EventRounds "9"]
[EventCountry "URU"]
[SourceTitle "EXT 2017"]
[Source "ChessBase"]
[SourceDate "2016.10.25"]
[SourceVersion "1"]
[SourceVersionDate "2016.10.25"]
[SourceQuality "1"]

1. d4 Nf6 2. c3 g6 3. Nf3 Bg7 4. h3 d5 5. Bf4 0-0 6. e3 Bf5 7. Be2 Nbd7 8. 0-0 Re8 9. Ne5 Nxe5 10. Bxe5 c6 11. Bxf6 Bxf6 12. Nd2 Qd6 13. f4 Bg7 14. Nf3 Qe6 15. Ne5 f6 16. Bg4 fxe5 17. Bxf5 Qxf5 18. fxe5 Qe6 19. Qf3 Rf8 20. Qe2 Bh6 21. e4 Bf4 22. exd5 Qxd5 23. Qf3 Bh2+ 0-1

[Event "Pan American-ch U12 27th"]
[Site "Montevideo"]
[Date "2016.07.26"]
[Round "3"]
[White "Reyes, Jesus"]
[Black "Terron, Matheus Folegatti M"]
[Result "1-0"]
[WhiteElo "1292"]
[BlackElo "1603"]
[PlyCount "55"]
[EventDate "2016.07.25"]
[EventType "swiss"]
[EventRounds "9"]
[EventCountry "URU"]
[SourceTitle "EXT 2017"]
[Source "ChessBase"]
[SourceDate "2016.10.25"]
[SourceVersion "1"]
[SourceVersionDate "2016.10.25"]
[SourceQuality "1"]

1. e4 c5 2. Nf3 e6 3. d4 cxd4 4. Nxd4 Nc6 5. c4 a6 6. Nc2 Qc7 7. Bd3 Nf6 8. Nc3 d6 9. 0-0 Be7 10. b3 0-0 11. Bb2 b6 12. Re1 Bb7 13. Qd2 Rfd8 14. Rad1 d5 15. Qc1 dxe4 16. Nxe4 Nxe4 17. Bxe4 Rd6 18. Rxd6 Bxd6 19. h3 Be5 20. Bxe5 Nxe5 21. Bxb7 Nd3 22. Qd2 Rd8 23. Rd1 Qxb7 24. Ne1 e5 25. Qe3 e4 26. Nxd3 Rxd3 27. Rxd3 exd3 28. Qe8# 1-0

[Event "Pan American Amateur-ch"]
[Site "Curitiba"]
[Date "2015.12.17"]
[Round "4"]
[White "Terron, Matheus Folegatti M"]
[Black "Costa, Thiago Constantino"]
[Result "0-1"]
[WhiteElo "1691"]
[BlackElo "1435"]
[PlyCount "34"]
[EventDate "2015.12.16"]
[EventType "swiss"]
[EventRounds "9"]
[EventCountry "BRA"]
[SourceTitle "CBM 170 Extra"]
[Source "ChessBase"]
[SourceDate "2016.02.25"]
[SourceVersion "1"]
[SourceVersionDate "2016.02.25"]
[SourceQuality "1"]

1. d4 d5 2. e3 c6 3. Nd2 Nf6 4. Bd3 e6 5. f4 Nbd7 6. c3 Be7 7. Ngf3 0-0 8. 0-0 c5 9. Qe2 cxd4 10. cxd4 Nb6 11. Ne5 Nfd7 12. Qe1 f5 13. Rf3 Nf6 14. Rh3 Nbd7 15. g4 Nxe5 16. fxe5 Nxg4 17. Nf3 h6 0-1

[Event "Matinhos Caioba-ch"]
[Site "Matinhos"]
[Date "2015.08.30"]
[Round "5"]
[White "Dos Anjos, Diovana Ferreira"]
[Black "Terron, Matheus Folegatti M"]
[Result "1-0"]
[WhiteElo "1558"]
[BlackElo "1723"]
[PlyCount "51"]
[EventDate "2015.08.28"]
[EventType "swiss"]
[EventRounds "6"]
[EventCountry "BRA"]
[SourceTitle "EXT 2016"]
[Source "ChessBase"]
[SourceDate "2015.10.08"]
[SourceVersion "1"]
[SourceVersionDate "2015.10.08"]
[SourceQuality "1"]

1. b4 e5 2. Bb2 Bxb4 3. Bxe5 Nf6 4. a3 Ba5 5. e3 0-0 6. Bc4 Nc6 7. Bb2 d5 8. Bb3 Re8 9. Nf3 d4 10. 0-0 d3 11. h3 Be6 12. cxd3 Qxd3 13. Bc2 Qd8 14. Nc3 Bc4 15. d3 Ba6 16. a4 Nd5 17. Nb5 Nce7 18. Nd2 c6 19. Nc4 cxb5 20. axb5 Bxb5 21. Nxa5 b6 22. Qg4 g6 23. Nc4 Nb4 24. Qg5 Nxc2 25. Qf6 Nf5 26. Qh8# 1-0

[Event "Sao Paulo Livraria 4th"]
[Site "Sao Paulo"]
[Date "2015.05.12"]
[Round "10"]
[White "Oliveira, Renan de Andrade"]
[Black "Terron, Matheus Folegatti M"]
[Result "1-0"]
[WhiteElo "1895"]
[BlackElo "1709"]
[PlyCount "47"]
[EventDate "2015.05.05"]
[EventType "tourn"]
[EventRounds "10"]
[EventCountry "BRA"]
[SourceTitle "EXT 2018"]
[Source "ChessBase"]
[SourceDate "2017.10.13"]
[SourceVersion "1"]
[SourceVersionDate "2017.10.13"]
[SourceQuality "1"]

1. b3 d5 2. Bb2 e6 3. e3 f5 4. f4 Nf6 5. Nf3 Bd6 6. Be2 Qe7 7. 0-0 0-0 8. h3 c6 9. Qe1 Nbd7 10. Ne5 Ne4 11. d3 Nec5 12. Nd2 Nxe5 13. fxe5 Bc7 14. Ba3 Nxd3 15. Bxe7 Nxe1 16. Bxf8 Nxc2 17. Rac1 Nxe3 18. Rf3 Bxe5 19. Rxe3 Bf4 20. Bc5 Bxe3+ 21. Bxe3 e5 22. Nf3 d4 23. Bd2 e4 24. Nxd4 1-0